Da Roma a gades = De Roma a gades : gestione, smaltimento e riuso dei rifiuti artigianali e commerciali in ambiti portuali marittimi e fluviali = la gestión, eliminación y reutilización de residuos artesanales y comerciales en ámbitos portuarios marítimos y fluviales : Atti del Workshop Internazionale (Roma, 19-20 settembre 2019) : in omaggio/en homenaje a Simon Keay /
This volume, dedicated to the illustrious archaeologist Simon Keay, collects the scientific results of an international workshop held in Rome (2019), which discussed the management, elimination and reuse of artisanal and commercial waste in maritime and river ports, focussing on the Roman cities of...
مؤلف مشترك:
مؤلفون آخرون: , , ,
التنسيق: وقائع المؤتمر كتاب الكتروني
اللغة:
Italian
Spanish
منشور في:
Oxford :
Archaeopress Publishing Ltd,
2022.
سلاسل:
Access archaeology.
الموضوعات:
الوصول للمادة أونلاين: Login to view Source
الوسوم: إضافة وسم
رقم الطلب: DG65
| LEADER | 02897nam a2200541 i 4500 | ||
|---|---|---|---|
| 001 | EDZ0002822275 | ||
| 003 | StDuBDS | ||
| 005 | 20230412183315.0 | ||
| 006 | m|||||o||d|||||||| | ||
| 007 | cr ||||||||||| | ||
| 008 | 220624s2022 enka fob 100|0|ita|d | ||
| 020 | |a 9781803272993 (PDF ebook) : |c No price | ||
| 040 | |a StDuBDS |b eng |c StDuBDS |e rda |e pn | ||
| 041 | 0 | |a ita |a spa |b eng | |
| 050 | 4 | |a DG65 | |
| 082 | 0 | 4 | |a 936 |2 23 |
| 111 | 2 | |a Atti del Workshop Internazionale |d (2019 : |c Roma), |j creator. | |
| 245 | 1 | 0 | |a Da Roma a gades = |b De Roma a gades : gestione, smaltimento e riuso dei rifiuti artigianali e commerciali in ambiti portuali marittimi e fluviali = la gestión, eliminación y reutilización de residuos artesanales y comerciales en ámbitos portuarios marítimos y fluviales : Atti del Workshop Internazionale (Roma, 19-20 settembre 2019) : in omaggio/en homenaje a Simon Keay / |c Darío Bernal-Casasola, Alessia Contino e Renato Sebastiani (a cura di). |
| 264 | 1 | |a Oxford : |b Archaeopress Publishing Ltd, |c 2022. | |
| 300 | |a 1 online resource (xviii, 240 pages) : |b illustrations (black and white, and colour). | ||
| 336 | |a text |2 rdacontent | ||
| 336 | |a still image |2 rdacontent | ||
| 337 | |a computer |2 rdamedia | ||
| 338 | |a online resource |2 rdacarrier | ||
| 490 | 1 | |a Access archaeology | |
| 500 | |a Also issued in print: 2022. | ||
| 504 | |a Includes bibliographical references. | ||
| 506 | 0 | |a Open access. | |
| 520 | 8 | |a This volume, dedicated to the illustrious archaeologist Simon Keay, collects the scientific results of an international workshop held in Rome (2019), which discussed the management, elimination and reuse of artisanal and commercial waste in maritime and river ports, focussing on the Roman cities of Rome and Gades (modern day Cádiz). | |
| 521 | |a Specialized. | ||
| 546 | |a Text in Italian and Spanish with abstracts in English. | ||
| 588 | |a Description based on online resource; title from PDF title page (viewed on July 4, 2022). | ||
| 650 | 0 | |a Excavations (Archaeology) |z Rome |v Congresses. | |
| 650 | 0 | |a Excavations (Archaeology) |z Spain |z Cádiz |v Congresses. | |
| 651 | 0 | |a Rome |x Antiquities |v Congresses. | |
| 651 | 0 | |a Cádiz (Spain) |x Antiquities |v Congresses. | |
| 650 | 0 | |a Refuse and refuse disposal |z Rome |x History |y To 1500 |v Congresses. | |
| 650 | 0 | |a Refuse and refuse disposal |z Spain |z Cádiz |x History |y To 1500 |v Congresses. | |
| 700 | 1 | |a Bernal Casasola, Darío, |e editor. | |
| 700 | 1 | |a Contino, Alessia, |e editor. | |
| 700 | 1 | |a Sebastiani, Renato, |e editor. | |
| 700 | 1 | |a Keay, S. J., |e honouree. | |
| 776 | 0 | 8 | |i Print version : |z 9781803272986 |
| 830 | 0 | |a Access archaeology. | |
| 856 | 4 | 0 | |3 Archaeopress |u http://library.arce.org:8087/Archaeopress/Products/9781803272986 |
| 942 | |2 lcc |c EBOOK | ||
| 952 | |0 0 |1 0 |4 0 |6 DG0065 |7 1 |9 46941 |a ARCH |b ARCH |d 2023-04-12 |l 0 |o DG65 |r 2023-04-12 00:00:00 |w 2023-04-12 |y EBOOK | ||
| 999 | |c 52599 |d 52599 | ||
